Rocket League Karosserie Sudden Death - Statistiken

Allgemein
  • Dieses Quiz wurde 16 mal gespielt
  • Das Durchschnittsergebnis liegt bei 8 aus 15
Answers on the Grid
Answers color-coded by a green-red scale on the quiz's grid according to % correct below.
Octane
Cyclone
Dominus
Nebula XR
Animus GP
Phantom Strike
Fennec
Vortex GT
Twinzer
Apex Venom
Jäger 619
Solar Reaper
Titan Pulse
Velocity Phantom
Merc
Samurai
Inferno ZX
Maverick
Nimbus
Hypernova RS
Shadow Drift
Breakout
Thundercoil
Solar Reaper
Crimson Specter
Eclipse R
Endo
Mantis
Takumi
Quantum Raider
 
Antwortstatistiken
Antwort % Korrekt
Octane
100%
Dominus
83%
Fennec
75%
Takumi
67%
Cyclone
58%
Breakout
50%
Maverick
50%
Merc
50%
Animus GP
42%
Jäger 619
42%
Mantis
33%
Nimbus
33%
Samurai
33%
Endo
25%
Twinzer
17%
Keine übereinstimmenden Quizze gefunden
Verteilung der Resultate
Anzahl Personen mit jedem Resultat
Perzentil nach korrekt beantworteten Fragen
Ihre Resultats-Entwicklung
Sie haben dieses Quiz noch nicht gespielt